00486nam a22001577a 4500008004500000020001500045082001800060100001900078245005900097260004400156300001000200650003100210650001800241650001500259700005400274201024b 1985 ||||| |||| 00| 0 eng d a0851744508 a623.8881bTHO aThomas, R. E.  aThomas stowage : the properties and stowage of cargoes aTaiwanbBrown, Son & Ferguson Ltdc1985 a370p. aDrums, Barrels, Casks, etc aRefrigeration aWet damage aThomas, O.O.aAgnew, JohnaCole, K. L.eCo-author